000
00245nam a2200097Ia 4500
008
220204s9999 xx 000 0 und d
082
_a
341.71(595)
_b
FOR;1
245
0
_a
Foreign affairs Malaysia
260
_a
Malaysia
_b
Foreign affairs
942
_c
BK
999
_c
22188
_d
22188